000 00349 a2200157 4500
001 192395
020 _a978-85-10-06192-6
040 _cMagnum
100 _aMartinelli, Tânia Alexandre
240 1 0 _aMaioria minoria
_lpor
245 1 0 _aMaioria minoria
300 _a38
362 0 _a2016
697 _aLITERATURA INFANTO-JUVENIL
942 _cBK
999 _c192395
_d192395